Normal view
MARC view
- ENGINEERING MATERIALS.MATERIALS SCIENCE FOR ENGINEERS
Entry Topical Term
001 - CONTROL NUMBER
- control field: 56129
003 - CONTROL NUMBER IDENTIFIER
- control field: NUST
005 - DATE AND TIME OF LATEST TRANSACTION
- control field: 20210628201635.0
008 - FIXED-LENGTH DATA ELEMENTS
- fixed length control field: 210628|| aca||aabn | a|a d
040 ## - CATALOGING SOURCE
- Original cataloging agency: NUST
- Transcribing agency: NUST
150 ## - HEADING--TOPICAL TERM
- Topical term or geographic name entry element: ENGINEERING MATERIALS.MATERIALS SCIENCE FOR ENGINEERS
670 ## - SOURCE DATA FOUND
- Source citation: Work cat.: (NUST): Sharma, C.P 56128, Engineering materials ,properties and applications of metals and alloys, 2004
